Možnosti uplatnenia absolventov vysokých škôl v Nemecku

Inštitút nemeckého hospodárstva (IW) - analýza zamestnávania absolventov vysokých škôl z Európskeho hospodárskeho priestoru v nemeckých podnikoch.

Gespeichert in:
Bibliographische Detailangaben
1. Verfasser: Stanek, Vojtech
Format: Buchkapitel
Sprache:Slowakisch
Schlagworte:
Tags: Tag hinzufügen
Keine Tags, Fügen Sie das erste Tag hinzu!

MARC

LEADER 00000naa a2200000 4500
001 r017837
005 20221213100318.0
041 0 |a slo 
044 |a SK 
245 1 0 |a Možnosti uplatnenia absolventov vysokých škôl v Nemecku  |c Vojtech Stanek 
520 |a Inštitút nemeckého hospodárstva (IW) - analýza zamestnávania absolventov vysokých škôl z Európskeho hospodárskeho priestoru v nemeckých podnikoch. 
610 2 0 |a absolventi 
610 2 0 |a školy vysoké 
610 2 0 |a migrácia 
610 2 0 |a pohyb síl pracovných medzinárodný 
610 2 0 |a Nemecko 
610 2 0 |a Európa 
100 1 |a Stanek, Vojtech